| 000 | 00620nam a2200193 i 4500 | ||
|---|---|---|---|
| 001 | 173095 | ||
| 003 | ES-MaACL | ||
| 005 | 20230906215131.0 | ||
| 008 | 091030s1961 it |||| | ita d | ||
| 080 | _a811.14'367.7 | ||
| 100 | 1 |
_aMarinone, Nino. _9141496 |
|
| 245 | 1 | 0 |
_aTutti i verbi greci / _cN. Marinone, F. Guala. |
| 250 | _a2ª ed.,1ª rist. | ||
| 260 |
_aMilano ; _aMessina : _bGiuseppe Principato, _c1961. |
||
| 300 |
_aVII, 352 p. ; _c15 cm. |
||
| 650 | 0 | 4 |
_aLengua griega- _xVerbo. _914253 |
| 700 | 1 |
_aGuala, F. _9141497 |
|
| 852 | 4 |
_aES-MaACL _jE-13050 _9R.190368 . - _zBiblioteca Jacinto Martínez Lacalle |
|
| 999 |
_c173095 _d173095 |
||